000
00321nam a22001337a 4500
008
260310b |||||||| |||| 00| 0 eng d
020
_a
9789355010537
040
_a
02
100
_a
DUBEY,R.C.
245
_a
A TEXT BOOK OF BIOTECHNOLOGY
260
_a
NEW DELHI
_b
S CHAND AND COMPANY
_c
2022
300
_a
602
942
_c
01
999
_c
67126
_d
67126